[Event "11th Norway Blitz 2023"]
[Site "Stavanger NOR"]
[Date "2023.05.29"]
[Round "1.1"]
[White "Giri, Anish"]
[Black "Carlsen, Magnus"]
[Result "1/2-1/2"]
[WhiteTitle "GM"]
[BlackTitle "GM"]
[WhiteElo "2768"]
[BlackElo "2853"]
[WhiteFideId "24116068"]
[BlackFideId "1503014"]
[EventDate "2023.05.29"]

1. e4 c5 2. Nf3 e6 3. c3 Nf6 4. e5 Nd5 5. Bc4 d6 6. d4 cxd4 7. cxd4 Nb6 8. Bd3
dxe5 9. dxe5 Bd7 10. O-O Bc6 11. Nc3 N8d7 12. Be4 Bxe4 13. Nxe4 Nc5 14. Qe2 Qd3
15. Qxd3 Nxd3 16. Rd1 Nc5 17. Nc3 Be7 18. Kf1 Rc8 19. Be3 Nc4 20. Bxc5 Rxc5 21.
Ne4 Rc8 22. Rac1 O-O 23. Ke2 Nb6 24. Ne1 h5 25. Nd3 Nd5 26. g3 Kh7 27. h3 Rfd8
28. Rxc8 Rxc8 29. Rc1 Rxc1 30. Nxc1 Kg6 31. Nd3 b6 32. f4 f5 33. exf6 gxf6 34.
Kf3 Nb4 35. Nxb4 Bxb4 36. g4 hxg4+ 37. hxg4 f5 38. gxf5+ exf5 39. Ng3 Kf6 40.
Nf1 Ke6 41. Ng3 b5 42. b3 Be1 43. Nf1 Bb4 44. Ng3 Bd6 45. Ne2 Bc5 46. Ng3 a5 47.
a4 b4 48. Ke2 Bd4 49. Kf3 Bb2 50. Ke3 Bc1+ 51. Kf3 Bd2 52. Nf1 Be1 53. Ne3 Bc3
54. Nc4 Kd5 55. Nxa5 Bd4 56. Ke2 Bc5 57. Nc4 Ke4 58. Nb2 Bd6 59. Nd3 Kd4 60. a5
Kc3 61. a6 Bb8 62. Ne5 Ba7 63. Nc6 Bc5 64. a7 Bxa7 65. Nxa7 Kxb3 66. Kd3 Ka2 67.
Nb5 b3 68. Nc3+ Kb2 69. Kd2 Ka3 70. Nd1 Kb4 71. Kd3 Kc5 72. Ne3 b2 73. Kc2 Kd4
74. Nxf5+ Ke4 75. Kxb2 1/2-1/2

[Event "11th Norway Blitz 2023"]
[Site "Stavanger NOR"]
[Date "2023.05.29"]
[Round "1.3"]
[White "Firouzja, Alireza"]
[Black "Tari, Aryan"]
[Result "1-0"]
[WhiteTitle "GM"]
[BlackTitle "GM"]
[WhiteElo "2785"]
[BlackElo "2642"]
[WhiteFideId "12573981"]
[BlackFideId "1510045"]
[EventDate "2023.05.29"]

1. d4 Nf6 2. Nc3 d5 3. Bf4 g6 4. e3 Bg7 5. h4 h5 6. Nf3 O-O 7. Ne5 c5 8. Qd2
cxd4 9. exd4 Nc6 10. f3 Bf5 11. Be2 Rc8 12. a3 a6 13. Rc1 Qb6 14. Nxc6 Rxc6 15.
Nd1 Nd7 16. Ne3 Qxb2 17. Nxd5 Re8 18. c3 Qxd2+ 19. Kxd2 e5 20. Bg5 Kf8 21. Ne3
exd4 22. cxd4 Rd6 23. d5 Nb6 24. Bf4 Be5 25. Bxe5 Rxe5 26. Rhd1 Be6 27. f4 Re4
28. Bf3 Rxf4 29. Ke2 Bd7 30. Rc7 Ra4 31. Rxb7 Rxa3 32. Kf2 Bb5 33. Rc1 Nd7 34.
Rcc7 Ra2+ 35. Kg3 Ra3 36. Nc2 Rd3 37. Nb4 Ra3 38. Nc6 Bxc6 39. dxc6 Ne5 40. Rc8+
Kg7 41. c7 Nxf3 42. Rg8+ Kf6 43. gxf3 Rdd3 44. c8=Q 1-0

[Event "11th Norway Blitz 2023"]
[Site "Stavanger NOR"]
[Date "2023.05.29"]
[Round "1.4"]
[White "Gukesh, D"]
[Black "Caruana, Fabiano"]
[Result "0-1"]
[WhiteTitle "GM"]
[BlackTitle "GM"]
[WhiteElo "2732"]
[BlackElo "2764"]
[WhiteFideId "46616543"]
[BlackFideId "2020009"]
[EventDate "2023.05.29"]

1. Nf3 Nf6 2. g3 c5 3. Bg2 Nc6 4. O-O e5 5. e4 d6 6. c3 Be7 7. d4 cxd4 8. cxd4
Bg4 9. d5 Nd4 10. Be3 Nxf3+ 11. Bxf3 Bh3 12. Bg2 Qd7 13. Nd2 h5 14. f3 Bxg2 15.
Kxg2 h4 16. Rh1 O-O 17. Qb3 Nh7 18. Rhc1 f5 19. exf5 Qxf5 20. Rc7 Bg5 21. Rf1
Rac8 22. Rxc8 Rxc8 23. Ne4 Bxe3 24. Qxe3 Nf6 25. Nxd6 Rc2+ 26. Rf2 Rxf2+ 27.
Kxf2 Ng4+ 0-1

[Event "11th Norway Blitz 2023"]
[Site "Stavanger NOR"]
[Date "2023.05.29"]
[Round "1.5"]
[White "Mamedyarov, Shakhriyar"]
[Black "Abdusattorov, Nodirbek"]
[Result "1/2-1/2"]
[WhiteTitle "GM"]
[BlackTitle "GM"]
[WhiteElo "2738"]
[BlackElo "2731"]
[WhiteFideId "13401319"]
[BlackFideId "14204118"]
[EventDate "2023.05.29"]

1. d4 d5 2. c4 e6 3. Nf3 Nf6 4. Nc3 c5 5. cxd5 exd5 6. Bg5 Be6 7. Bxf6 Qxf6 8.
Qa4+ Nd7 9. e4 dxe4 10. Nxe4 Qf4 11. Bd3 c4 12. Bc2 Be7 13. O-O O-O 14. Rfe1
Rfe8 15. Qb5 h6 16. Ng3 Nb6 17. Re4 Qd6 18. Qh5 Bf8 19. Rae1 g6 20. Qh4 Bg7 21.
Ne5 Rad8 22. h3 Nd5 23. Nxg6 Nf6 24. Nf5 Bxf5 25. Rxe8+ Rxe8 26. Rxe8+ Nxe8 27.
Ne7+ Kf8 28. Nxf5 Qb4 29. Qe4 Bf6 30. Qe3 Bg5 31. Qe5 Bf6 32. Qe3 Bg5 33. Qe2
Qxb2 34. Qxc4 Qc1+ 35. Kh2 Qf4+ 36. Kg1 Qc1+ 37. Kh2 Qf4+ 38. Kg1 Qc1+ 39. Kh2 1/2-1/2

[Event "11th Norway Blitz 2023"]
[Site "Stavanger NOR"]
[Date "2023.05.29"]
[Round "2.1"]
[White "Carlsen, Magnus"]
[Black "Gukesh, D"]
[Result "0-1"]
[WhiteTitle "GM"]
[BlackTitle "GM"]
[WhiteElo "2853"]
[BlackElo "2732"]
[WhiteFideId "1503014"]
[BlackFideId "46616543"]
[EventDate "2023.05.29"]

1. b3 e5 2. Bb2 Nc6 3. c4 d5 4. cxd5 Qxd5 5. Nc3 Qe6 6. Nf3 Bd7 7. e3 O-O-O 8.
Be2 f5 9. O-O e4 10. Ng5 Qe8 11. f4 h6 12. Nh3 Nf6 13. Rc1 Kb8 14. a3 Be6 15. b4
Qd7 16. Nb1 Ne7 17. Be5 Nfd5 18. Bc4 Ka8 19. Qb3 Nc6 20. Bb2 Rg8 21. Nc3 g5 22.
Bxd5 Bxd5 23. Qxd5 Qxd5 24. Nxd5 Rxd5 25. Rc2 g4 26. Nf2 a5 27. bxa5 Rxa5 28.
Ra1 Bg7 29. Bxg7 Rxg7 30. Nh1 Rd7 31. Ng3 Kb8 32. Raa2 Nd8 33. Kf2 Ne6 34. Ke2
c6 35. a4 Kc7 36. Rab2 Rdd5 37. Rb4 Nc5 38. Rcb2 Ra7 39. Ra2 Nd3 40. Rb1 b5 41.
a5 b4 42. a6 Kb6 43. Rba1 Rb5 44. Kd1 b3 45. Ra3 b2 46. Rb1 Rxa6 47. Rxa6+ Kxa6
48. Ne2 Ka5 49. Nd4 Rb6 50. Kc2 c5 51. Nxf5 Rb4 52. Nd6 Kb6 53. Nxe4 c4 54. Nc3
Kc5 55. f5 Kd6 56. f6 Ke6 57. Rf1 Rb7 58. Ne4 Ra7 59. f7 Rxf7 60. Rxf7 Kxf7 61.
Nd6+ Ke6 62. Nxc4 Ne1+ 63. Kxb2 Nxg2 64. Kc3 Ne1 65. d4 Nf3 66. e4 h5 67. d5+
Ke7 68. Kd3 h4 69. Ke3 Nxh2 70. e5 g3 71. Nd2 h3 72. Nf3 Ng4+ 73. Kf4 h2 74.
Kxg3 h1=Q 75. Kxg4 Qg2+ 76. Kf4 Qf2 77. Ke4 Qe2+ 78. Kf4 Qd3 79. d6+ Kd7 80. Ng5
Qd4+ 81. Kf5 Qf2+ 82. Ke4 Qh4+ 83. Kf5 Qh5 84. Kf4 Qg6 85. Nf3 Qf7+ 86. Ke4 Qh7+
87. Kf4 Qf7+ 88. Ke4 Qc4+ 89. Nd4 Qb4 90. Kd5 Qb7+ 91. Kc5 Qe4 92. e6+ Kc8 93.
d7+ Kc7 94. Nb5+ Kd8 95. Nd4 Qe5+ 96. Kc4 Qd6 97. e7+ Kxd7 0-1

[Event "11th Norway Blitz 2023"]
[Site "Stavanger NOR"]
[Date "2023.05.29"]
[Round "2.3"]
[White "Caruana, Fabiano"]
[Black "Mamedyarov, Shakhriyar"]
[Result "0-1"]
[WhiteTitle "GM"]
[BlackTitle "GM"]
[WhiteElo "2764"]
[BlackElo "2738"]
[WhiteFideId "2020009"]
[BlackFideId "13401319"]
[EventDate "2023.05.29"]

1. e4 e5 2. Nf3 Nf6 3. Nxe5 Nxe4 4. Qe2 Qe7 5. Qxe4 d6 6. d4 dxe5 7. dxe5 Nc6 8.
Nc3 Qxe5 9. Qxe5+ Nxe5 10. Bf4 Bd6 11. Bg3 h5 12. h4 Bg4 13. Be2 O-O-O 14. O-O-O
Bxe2 15. Nxe2 Rhe8 16. Rhe1 Ng4 17. Bxd6 Nxf2 18. Rd5 Rxd6 19. Rxd6 cxd6 20. Kd2
Ne4+ 21. Kd1 Nf6 22. Rf1 Re4 23. g3 Kd7 24. Rf5 Re5 25. Rf3 Ke7 26. a4 g6 27.
Nf4 Nd5 28. Nxd5+ Rxd5+ 29. Ke2 Rc5 30. Kd2 b6 31. b3 Rd5+ 32. Ke2 f6 33. b4 g5
34. Rc3 Kd7 35. Rf3 gxh4 36. gxh4 Ke6 37. c3 Re5+ 38. Kd3 d5 39. Rf4 f5 40. c4
Kd6 41. cxd5 Rxd5+ 42. Kc4 Ke5 43. Rxf5+ Kxf5 44. Kxd5 Kg4 45. Kc6 Kxh4 46. Kb7
Kg5 47. Kxa7 h4 48. b5 h3 49. a5 h2 50. axb6 h1=Q 51. b7 Qa1+ 52. Kb6 Qe5 53.
Ka7 Qc5+ 54. Ka8 Qa3+ 55. Kb8 Kf6 56. Kc7 Qc5+ 57. Kd7 Qxb5+ 0-1

[Event "11th Norway Blitz 2023"]
[Site "Stavanger NOR"]
[Date "2023.05.29"]
[Round "2.4"]
[White "Tari, Aryan"]
[Black "Giri, Anish"]
[Result "0-1"]
[WhiteTitle "GM"]
[BlackTitle "GM"]
[WhiteElo "2642"]
[BlackElo "2768"]
[WhiteFideId "1510045"]
[BlackFideId "24116068"]
[EventDate "2023.05.29"]

1. e4 c5 2. Nf3 d6 3. Nc3 Nf6 4. h3 Nc6 5. d4 cxd4 6. Nxd4 e5 7. Nxc6 bxc6 8.
Bd3 Be7 9. O-O O-O 10. Qe2 a5 11. b3 Nd7 12. Be3 Bg5 13. Rad1 Bxe3 14. Qxe3 Nc5
15. Bc4 Qe7 16. Rd2 Be6 17. Bxe6 Nxe6 18. Ne2 Rfd8 19. Rfd1 Qc7 20. Ng3 g6 21.
Qh6 Rd7 22. h4 Qd8 23. h5 Qh4 24. Rxd6 Rxd6 25. Rxd6 Nf4 26. Rd2 a4 27. b4 Rd8
28. hxg6 Ne2+ 29. Nxe2 Qxh6 30. Rxd8+ Kg7 31. gxf7 Kxf7 32. a3 Qe6 33. Rd3 Qa2
34. f3 Qxc2 35. Re3 c5 36. bxc5 Qxc5 37. Kf2 Qd6 38. g4 Kg7 39. Ng3 Qd2+ 40. Ne2
Kg6 41. Rc3 Qd6 42. Kg3 Qb6 43. Rd3 Qb2 44. Nc3 Qxa3 45. Kh3 h5 46. gxh5+ Kxh5
47. Kg3 Qb3 48. f4 a3 49. Rf3 a2 50. Nxa2 Qg8+ 51. Kf2 Qxa2+ 52. Kg3 Qg8+ 53.
Kf2 exf4 54. Rxf4 Qb3 55. Ke2 Kg5 56. Rf5+ Kg4 57. Kf2 Qd3 58. Rd5 Qxe4 59. Rd2
Kf4 60. Re2 Qd4+ 61. Ke1 Kf3 62. Re8 Qb4+ 63. Kf1 Qb5+ 0-1

[Event "11th Norway Blitz 2023"]
[Site "Stavanger NOR"]
[Date "2023.05.29"]
[Round "2.5"]
[White "So, Wesley"]
[Black "Firouzja, Alireza"]
[Result "1-0"]
[WhiteTitle "GM"]
[BlackTitle "GM"]
[WhiteElo "2760"]
[BlackElo "2785"]
[WhiteFideId "5202213"]
[BlackFideId "12573981"]
[EventDate "2023.05.29"]

1. e4 e5 2. Nf3 Nc6 3. Bc4 Nf6 4. d3 Bc5 5. O-O d6 6. c3 O-O 7. Re1 a5 8. h3 Ba7
9. Nbd2 Ne7 10. Nf1 Ng6 11. Ng3 c6 12. Bb3 d5 13. exd5 Nxd5 14. d4 exd4 15. Nxd4
Be6 16. Bc2 Qc7 17. Ne4 Rae8 18. Nxe6 Rxe6 19. Bd2 Rfe8 20. Qg4 Ne5 21. Qh5 h6
22. b3 Ng6 23. Qg4 Re5 24. Re2 R8e6 25. Ng3 Rxe2 26. Nxe2 Qe5 27. Re1 h5 28. Qf5
Qxf5 29. Bxf5 Rf6 30. g4 Nh4 31. Nd4 Nxf5 32. Nxf5 hxg4 33. hxg4 Re6 34. Rxe6
fxe6 35. Nd6 b5 36. Kg2 Bb8 37. Nb7 Bc7 38. Kf3 e5 39. c4 bxc4 40. bxc4 Nf6 41.
Bxa5 e4+ 42. Ke2 Be5 43. Nd8 c5 44. Bb6 Bd4 45. Ne6 Nd7 46. Ba7 Ne5 47. Bxc5 Bb2
48. Ke3 Kf7 49. Ng5+ Kg6 50. Nxe4 Nxc4+ 51. Kf3 Ne5+ 52. Kg3 Nd3 53. Be3 Kf7 54.
Nc5 Nb4 55. a4 Ke7 56. Kf3 Kd6 57. Ke4 Kc6 58. Nd3 1-0

[Event "11th Norway Blitz 2023"]
[Site "Stavanger NOR"]
[Date "2023.05.29"]
[Round "3.1"]
[White "Mamedyarov, Shakhriyar"]
[Black "Carlsen, Magnus"]
[Result "1-0"]
[WhiteTitle "GM"]
[BlackTitle "GM"]
[WhiteElo "2738"]
[BlackElo "2853"]
[WhiteFideId "13401319"]
[BlackFideId "1503014"]
[EventDate "2023.05.29"]

1. d4 d5 2. c4 c6 3. Nc3 Nf6 4. cxd5 cxd5 5. Bf4 Nc6 6. e3 a6 7. Bd3 Bg4 8. Nge2
e6 9. h3 Bxe2 10. Qxe2 Bd6 11. Bg5 h6 12. Bh4 g5 13. Bg3 Bxg3 14. fxg3 Qe7 15.
O-O O-O 16. Rf2 Kg7 17. Raf1 Ne8 18. h4 Nd6 19. Qh5 f5 20. g4 Ne4 21. Bxe4 fxe4
22. Rxf8 Rxf8 23. Rxf8 Qxf8 24. hxg5 hxg5 25. Qxg5+ Kh7 26. Qh5+ Kg7 27. g5 Qf5
28. Qh6+ Kf7 29. Ne2 e5 30. dxe5 Nxe5 31. Nf4 Ke8 32. g6 Ng4 33. Qh8+ Kd7 34. g7 1-0

[Event "11th Norway Blitz 2023"]
[Site "Stavanger NOR"]
[Date "2023.05.29"]
[Round "3.3"]
[White "Giri, Anish"]
[Black "So, Wesley"]
[Result "1/2-1/2"]
[WhiteTitle "GM"]
[BlackTitle "GM"]
[WhiteElo "2768"]
[BlackElo "2760"]
[WhiteFideId "24116068"]
[BlackFideId "5202213"]
[EventDate "2023.05.29"]

1. e4 e5 2. Nf3 Nc6 3. Bc4 Nf6 4. d3 h6 5. O-O Bc5 6. c3 d6 7. Re1 a6 8. Nbd2
O-O 9. Nf1 Re8 10. Ng3 Ba7 11. Bd2 Be6 12. Bxe6 Rxe6 13. c4 Nh7 14. Nf5 Ne7 15.
N3h4 Ng6 16. Qg4 Nf6 17. Qh3 Nxh4 18. Qxh4 Nh7 19. Qh3 Ng5 20. Qg4 Rg6 21. Be3
Ne6 22. Qf3 Ng5 23. Qg4 Ne6 24. Qf3 Ng5 25. Qg4 Ne6 1/2-1/2

[Event "11th Norway Blitz 2023"]
[Site "Stavanger NOR"]
[Date "2023.05.29"]
[Round "3.4"]
[White "Gukesh, D"]
[Black "Tari, Aryan"]
[Result "0-1"]
[WhiteTitle "GM"]
[BlackTitle "GM"]
[WhiteElo "2732"]
[BlackElo "2642"]
[WhiteFideId "46616543"]
[BlackFideId "1510045"]
[EventDate "2023.05.29"]

1. Nf3 Nf6 2. g3 c5 3. Bg2 Nc6 4. O-O e5 5. c4 d5 6. cxd5 Nxd5 7. Nc3 Be6 8. d3
Be7 9. Bd2 O-O 10. Nxd5 Bxd5 11. Bc3 f6 12. e3 Qd7 13. Qe2 b5 14. a3 Rad8 15.
Ne1 Rfe8 16. Rd1 Bf8 17. Bxd5+ Qxd5 18. e4 Qb3 19. Qc2 Qxc2 20. Nxc2 b4 21. Be1
Rd7 22. Ne3 Red8 23. axb4 cxb4 24. Nd5 a5 25. f4 Ne7 26. Nxe7+ Bxe7 27. Rf3 a4
28. Kf1 Bc5 29. Ke2 Bd4 30. Bxb4 Bxb2 31. Rd2 a3 32. Rf1 Rb8 33. Bxa3 Bxa3 34.
fxe5 fxe5 35. Rf5 Bb2 36. Rf1 Bd4 37. Rc2 Rf8 38. Rxf8+ Kxf8 39. Rc6 Rf7 40.
Rc8+ Ke7 41. Rc7+ Ke6 42. Rc6+ Kd7 0-1

[Event "11th Norway Blitz 2023"]
[Site "Stavanger NOR"]
[Date "2023.05.29"]
[Round "3.5"]
[White "Abdusattorov, Nodirbek"]
[Black "Caruana, Fabiano"]
[Result "1-0"]
[WhiteTitle "GM"]
[BlackTitle "GM"]
[WhiteElo "2731"]
[BlackElo "2764"]
[WhiteFideId "14204118"]
[BlackFideId "2020009"]
[EventDate "2023.05.29"]

1. e4 e5 2. Nf3 Nc6 3. Bc4 Nf6 4. d3 Bc5 5. Nc3 a6 6. O-O d6 7. a4 h6 8. Be3 Be6
9. Bxc5 dxc5 10. Nd2 Qd6 11. Bxe6 Qxe6 12. Nc4 O-O-O 13. Ne3 Nb4 14. b3 h5 15.
a5 Kb8 16. Qe1 Ng4 17. Qd2 g6 18. Na4 Qd6 19. h3 Nf6 20. Nc4 Qe7 21. Rae1 Nc6
22. f4 Nd7 23. Qf2 f6 24. Nc3 Qe6 25. fxe5 Ncxe5 26. Nd5 Rhf8 27. Qg3 g5 28.
Nxe5 Nxe5 29. Rf2 h4 30. Qe3 c6 31. Nb6 g4 32. Ref1 Rf7 33. Rf5 Rg8 34. hxg4
Rxg4 35. Qxc5 h3 36. R1f2 hxg2 37. Rh5 Rg8 38. Rh4 Rfg7 39. Qe3 Rg3 40. Qf4 Ka7
41. Nc4 Qd7 42. Rh2 R8g4 43. Qxf6 Nxc4 44. bxc4 Rg5 45. Rhxg2 Rxg2+ 46. Rxg2
Rxa5 47. Kf2 Ra2 48. Ke3 Qh3+ 49. Qf3 Qh6+ 50. Qf4 Qh1 51. Qf2 c5 52. Kd2 Qh6+
53. Kd1 Qb6 54. Qe3 Ra1+ 55. Ke2 Ra2 56. Kf3 Qf6+ 57. Qf4 Qe6 58. Qf5 Qb6 59.
Qe5 Qb4 1-0

[Event "11th Norway Blitz 2023"]
[Site "Stavanger NOR"]
[Date "2023.05.29"]
[Round "4.3"]
[White "Tari, Aryan"]
[Black "Mamedyarov, Shakhriyar"]
[Result "0-1"]
[WhiteTitle "GM"]
[BlackTitle "GM"]
[WhiteElo "2642"]
[BlackElo "2738"]
[WhiteFideId "1510045"]
[BlackFideId "13401319"]
[EventDate "2023.05.29"]

1. e4 e5 2. Nf3 Nc6 3. d4 exd4 4. Nxd4 Nf6 5. Nxc6 bxc6 6. Nd2 d6 7. b3 g6 8.
Bb2 Bg7 9. Bd3 O-O 10. O-O Re8 11. h3 a5 12. c4 a4 13. Qc2 a3 14. Bc3 c5 15.
Rae1 Bb7 16. Re3 Nd7 17. Bxg7 Kxg7 18. f4 Nb8 19. Qc3+ Kg8 20. Nf3 Nc6 21. Rfe1
Qe7 22. e5 dxe5 23. Be4 Qf6 24. Nxe5 Re6 25. Bd5 Re7 26. Nxf7 Qxc3 27. Ne5+ Kg7
28. Rxc3 Rf8 29. Bxc6 Bxc6 30. Rd1 Be4 31. Re3 Rxf4 32. g3 Rf5 33. Rxe4 Rfxe5
34. Rxe5 Rxe5 35. Rd7+ Kf6 36. Kf2 Rf5+ 37. Ke3 Re5+ 38. Kd2 Rg5 39. g4 h5 40.
Rxc7 hxg4 41. hxg4 Rxg4 42. Rxc5 Rg2+ 43. Kc3 Rxa2 44. Rc6+ Kf5 45. Ra6 g5 46.
c5 Ra1 47. Kb4 g4 48. Ra8 g3 49. Rg8 Kf4 50. c6 a2 51. Rf8+ Ke5 52. Re8+ Kd6 53.
Rg8 Rc1 0-1

[Event "11th Norway Blitz 2023"]
[Site "Stavanger NOR"]
[Date "2023.05.29"]
[Round "4.4"]
[White "So, Wesley"]
[Black "Gukesh, D"]
[Result "1-0"]
[WhiteTitle "GM"]
[BlackTitle "GM"]
[WhiteElo "2760"]
[BlackElo "2732"]
[WhiteFideId "5202213"]
[BlackFideId "46616543"]
[EventDate "2023.05.29"]

1. Nf3 Nf6 2. c4 e6 3. Nc3 d5 4. e3 Bd6 5. b3 O-O 6. Bb2 Nc6 7. d4 dxc4 8. bxc4
e5 9. Be2 Re8 10. O-O exd4 11. Nxd4 Nxd4 12. exd4 Bf5 13. Bf3 c6 14. Qb3 Ng4 15.
g3 h5 16. Rae1 Qd7 17. Ne4 Bf8 18. Re2 Rad8 19. Rfe1 b5 20. cxb5 cxb5 21. h3 Nh6
22. Nc5 Bxc5 23. dxc5 Rxe2 24. Rxe2 Bxh3 25. c6 Qf5 26. Qc3 f6 27. Re7 Ng4 28.
c7 Rc8 29. Bxg4 hxg4 30. Qb3+ Kh8 31. Qf7 Qb1+ 32. Kh2 Qh7 33. Re8+ 1-0

[Event "11th Norway Blitz 2023"]
[Site "Stavanger NOR"]
[Date "2023.05.29"]
[Round "4.5"]
[White "Firouzja, Alireza"]
[Black "Giri, Anish"]
[Result "1-0"]
[WhiteTitle "GM"]
[BlackTitle "GM"]
[WhiteElo "2785"]
[BlackElo "2768"]
[WhiteFideId "12573981"]
[BlackFideId "24116068"]
[EventDate "2023.05.29"]

1. b4 d5 2. Bb2 Bf5 3. e3 e6 4. Nf3 Nf6 5. c4 c6 6. a3 Bd6 7. Nc3 O-O 8. Be2
Nbd7 9. Rc1 e5 10. cxd5 cxd5 11. Nb5 Bb8 12. Nh4 Be6 13. Qc2 Ne8 14. Nf3 a6 15.
Nc3 Nd6 16. d3 Re8 17. Na4 f6 18. Nc5 Nxc5 19. bxc5 Nf7 20. O-O Bc7 21. Nd2 Bd7
22. e4 Bc6 23. Bg4 Ng5 24. Rfe1 Kh8 25. Nf1 Rb8 26. Rcd1 Qe7 27. exd5 Bxd5 28.
d4 Qf7 29. dxe5 Bxe5 30. Bxe5 fxe5 31. Qd2 Ne4 32. Qxd5 Qxf2+ 33. Kh1 Nc3 34.
Qd6 Nxd1 35. Rxd1 e4 36. Ng3 e3 37. Be2 Qf7 38. h3 Rbc8 39. Kh2 Qc7 40. Rd5 Qf7
41. Rf5 Qa2 42. Rh5 Rcd8 43. Qg6 Qg8 44. Bc4 1-0

[Event "11th Norway Blitz 2023"]
[Site "Stavanger NOR"]
[Date "2023.05.29"]
[Round "5.3"]
[White "Gukesh, D"]
[Black "Firouzja, Alireza"]
[Result "0-1"]
[WhiteTitle "GM"]
[BlackTitle "GM"]
[WhiteElo "2732"]
[BlackElo "2785"]
[WhiteFideId "46616543"]
[BlackFideId "12573981"]
[EventDate "2023.05.29"]

1. d4 d5 2. Nf3 Bf5 3. c4 e6 4. Nc3 Nc6 5. Bf4 Nf6 6. e3 Be7 7. Be2 Nh5 8. Be5
O-O 9. O-O dxc4 10. Bxc4 Nxe5 11. dxe5 g5 12. Nd4 Bg6 13. Qb3 c5 14. Nde2 Qc7
15. f4 a6 16. a4 Rad8 17. Rad1 Ng7 18. Ng3 Kh8 19. Nce4 gxf4 20. exf4 Qc6 21.
Nf2 Nf5 22. Nxf5 Bxf5 23. a5 Rg8 24. g3 Rxd1 25. Rxd1 Rd8 26. Rxd8+ Bxd8 27. Qc3
Qa4 28. g4 Bxa5 29. Qc1 Bc2 30. Bf1 Bd8 31. f5 exf5 32. Qh6 Qe8 33. Qd2 Bb1 34.
Qd1 Ba2 35. gxf5 Bc7 36. e6 fxe6 37. b3 Qe7 38. Qc2 Qg5+ 39. Bg2 exf5 40. Qxa2
Qc1+ 41. Bf1 Bxh2+ 42. Kxh2 Qxf1 43. Qb2+ Kg8 44. Qd2 Qb5 45. Qd5+ Kf8 46. Qxf5+
Ke8 47. Qe6+ Kd8 48. Kg3 Kc7 49. Kf4 Qd7 50. Qe5+ Qd6 51. Ne4 Qxe5+ 52. Kxe5 Kc6
53. Nf6 h6 54. Ke4 b5 55. Kd3 a5 56. Kc3 Kd6 57. Ne4+ Kd5 58. Nf6+ Kc6 59. Kd3
a4 60. bxa4 bxa4 61. Kc4 Kd6 62. Ne4+ Ke5 63. Nxc5 a3 64. Kb3 Kf4 65. Kxa3 h5
66. Kb4 h4 67. Kc3 h3 68. Nd3+ Kg3 0-1

[Event "11th Norway Blitz 2023"]
[Site "Stavanger NOR"]
[Date "2023.05.29"]
[Round "5.4"]
[White "Mamedyarov, Shakhriyar"]
[Black "So, Wesley"]
[Result "1/2-1/2"]
[WhiteTitle "GM"]
[BlackTitle "GM"]
[WhiteElo "2738"]
[BlackElo "2760"]
[WhiteFideId "13401319"]
[BlackFideId "5202213"]
[EventDate "2023.05.29"]

1. d4 Nf6 2. c4 e6 3. Nf3 d5 4. Nc3 c5 5. cxd5 cxd4 6. Qxd4 exd5 7. e4 dxe4 8.
Qxd8+ Kxd8 9. Ng5 Be6 10. Nxe6+ fxe6 11. Bg5 1/2-1/2

[Event "11th Norway Blitz 2023"]
[Site "Stavanger NOR"]
[Date "2023.05.29"]
[Round "5.5"]
[White "Abdusattorov, Nodirbek"]
[Black "Tari, Aryan"]
[Result "1-0"]
[WhiteTitle "GM"]
[BlackTitle "GM"]
[WhiteElo "2731"]
[BlackElo "2642"]
[WhiteFideId "14204118"]
[BlackFideId "1510045"]
[EventDate "2023.05.29"]

1. e4 e5 2. Nf3 Nc6 3. Bc4 d6 4. d4 Nf6 5. dxe5 dxe5 6. Qxd8+ Nxd8 7. Nfd2 Be6
8. f3 a6 9. a4 Nd7 10. c3 Nc5 11. Ke2 f6 12. b4 Nd7 13. Rd1 Bxc4+ 14. Nxc4 Ne6
15. Be3 Be7 16. Nbd2 O-O-O 17. Nb3 Nb8 18. g3 Rxd1 19. Rxd1 Rd8 20. Rf1 g5 21.
Bf2 Nd7 22. Rh1 h5 23. h4 Rh8 24. Ne3 Ndf8 25. Nf5 Bd8 26. Nd2 Ng6 27. Nc4 Kd7
28. b5 axb5 29. axb5 Be7 30. Rd1+ Ke8 31. Ra1 Kd7 32. Ra7 gxh4 33. gxh4 Ngf4+
34. Kf1 Bc5 35. Rxb7 Ra8 36. b6 Ra1+ 37. Be1 Kc6 38. Ra7 Rxa7 39. bxa7 Bxa7 40.
Ne7+ Kd7 41. Ng8 Ng6 42. Nxf6+ Ke7 43. Nxh5 Kf7 44. Bg3 c6 45. Nxe5+ Nxe5 46.
Bxe5 Be3 47. Ng3 c5 48. h5 Bd2 49. Ke2 Bg5 50. Kd3 Nf8 51. Kc4 Ke6 52. f4 Bh6
53. Nf5 1-0

[Event "11th Norway Blitz 2023"]
[Site "Stavanger NOR"]
[Date "2023.05.29"]
[Round "6.2"]
[White "Tari, Aryan"]
[Black "Caruana, Fabiano"]
[Result "0-1"]
[WhiteTitle "GM"]
[BlackTitle "GM"]
[WhiteElo "2642"]
[BlackElo "2764"]
[WhiteFideId "1510045"]
[BlackFideId "2020009"]
[EventDate "2023.05.29"]

1. e4 c5 2. Nf3 e6 3. c3 d5 4. exd5 Qxd5 5. d4 Nf6 6. Na3 a6 7. Nc4 Nbd7 8. Be3
b5 9. Na5 Ng4 10. Bd3 Nxe3 11. fxe3 Bd6 12. Qc2 Qh5 13. O-O O-O 14. Rad1 Qh6 15.
Qf2 Nf6 16. h3 Ra7 17. e4 Bf4 18. Qe1 cxd4 19. cxd4 Rc7 20. Nb3 Nh5 21. Qh4 g5
22. Qe1 Ng3 23. Rf2 g4 24. Nh2 e5 25. dxe5 gxh3 26. Rf3 Qg5 27. Qf2 Bxe5 28. Nf1
Nxf1 29. Rxf1 Bg4 30. Re3 hxg2 31. Rfe1 f6 32. Qxg2 Rg7 33. Nc5 Bd4 0-1

[Event "11th Norway Blitz 2023"]
[Site "Stavanger NOR"]
[Date "2023.05.29"]
[Round "6.3"]
[White "So, Wesley"]
[Black "Abdusattorov, Nodirbek"]
[Result "0-1"]
[WhiteTitle "GM"]
[BlackTitle "GM"]
[WhiteElo "2760"]
[BlackElo "2731"]
[WhiteFideId "5202213"]
[BlackFideId "14204118"]
[EventDate "2023.05.29"]

1. d4 Nf6 2. c4 e6 3. Nc3 d5 4. Bg5 dxc4 5. e3 c5 6. Bxf6 Qxf6 7. d5 exd5 8.
Nxd5 Qd8 9. Bxc4 Nc6 10. Nf3 Qa5+ 11. Qd2 Bd6 12. Qxa5 Nxa5 13. Bb5+ Bd7 14.
Bxd7+ Kxd7 15. O-O-O Kc6 16. Ng5 Raf8 17. Ne4 Rd8 18. Nxd6 Rxd6 19. Ne7+ Kc7 20.
Nd5+ Kc6 21. Ne7+ Kc7 22. Nd5+ Kb8 23. Ne7 Rf6 24. Rhf1 Nc4 25. b3 Ne5 26. Nd5
Ra6 27. Nc3 Rc8 28. Rd5 Re6 29. Kc2 b6 30. h3 Nc6 31. Rd7 Rc7 32. Rd2 h5 33.
Rfd1 Rg6 34. Nd5 Nb4+ 35. Nxb4 cxb4+ 36. Kd3 Rxg2 37. Ke2 Rh2 38. Rd8+ Kb7 39.
R1d7 Rg2 40. Rxc7+ Kxc7 41. Ra8 Kb7 42. Rh8 Rg5 43. h4 Ra5 44. Kf3 Rxa2 45. Rxh5
a5 46. Rh7 a4 47. Rxg7 axb3 48. Rg1 Kc6 49. h5 Ra8 50. Ke2 Rh8 51. Rh1 b2 52.
Rb1 Rxh5 53. Rxb2 Kb5 54. Kd3 Rc5 55. e4 Ka4 56. f4 b3 0-1

[Event "11th Norway Blitz 2023"]
[Site "Stavanger NOR"]
[Date "2023.05.29"]
[Round "6.4"]
[White "Firouzja, Alireza"]
[Black "Mamedyarov, Shakhriyar"]
[Result "1-0"]
[WhiteTitle "GM"]
[BlackTitle "GM"]
[WhiteElo "2785"]
[BlackElo "2738"]
[WhiteFideId "12573981"]
[BlackFideId "13401319"]
[EventDate "2023.05.29"]

1. c4 e5 2. g3 Nf6 3. Bg2 d5 4. cxd5 Nxd5 5. Nf3 Nc6 6. O-O Nb6 7. b3 Be7 8. Bb2
f6 9. Qc2 O-O 10. Rd1 Nb4 11. Qc1 c5 12. Nc3 Bg4 13. Ne4 Rc8 14. d3 Kh8 15. Qd2
N6d5 16. h3 Be6 17. e3 f5 18. Nc3 Bf6 19. Nxd5 Bxd5 20. e4 fxe4 21. dxe4 Bxe4
22. Qe3 Bd5 23. Nxe5 Qd6 24. Bxd5 Nxd5 25. Qe4 Rcd8 26. Rd2 Qe6 27. Ng6+ 1-0